1985 hits: fill in the lyrics - Statistics

General Stats
  • This quiz has been taken 123 times
  • The average score is 9 of 15
Answer Stats
Artist Lyrics Answer % Correct
Madonna Only boys that save their pennies, make my rainy day, 'cause we are living in a _______ world, and I am a _______ girl. material
94%
Katrina and the Waves I'm walking on _________, whoa-oh. I'm walking on _________, whoa-oh. I'm walking on _________, whoa-oh... sunshine
89%
Sting If you love somebody, set them ____. free
86%
Tears for Fears Shout. Shout. Let it all out. These are the things I can __ _______. Come on, I'm talking to you, come on. do without
78%
Simple Minds Slow change may pull us apart, when the light gets into your heart, baby. Don't you, ______ _____ __. Don't, don't, don't, don't ... don't you, ______ _____ __. forget about me
75%
USA for Africa We are the world. We are the children. We are the ones who make a brighter day, so let's start ______. giving
73%
Murray Head One night in _______ makes a hard man humble, not much between despair and ecstasy. One night in _______ and the tough guys tumble. Can't be too careful with your company. I can feel the devil walking next to me. Bangkok
67%
Dire Straights Now look at them yo-yos, that's the way you do it, you play the guitar on the MTV. That ain't workin', that's the way you do it. Money for nothin' and your _____ for free. chicks
63%
Wham! I'm never gonna dance again, _____ ____ have got no rhythm. Though it's easy to pretend, I know you're not a fool. guilty feet
62%
Prince She wore a raspberry beret, the kind you'd find in a ______ ____ _____. second hand store
60%
Duran Duran Dance into the ____. That fatal kiss is all we need. fire
48%
'Til Tuesday Oh, he tells me tears are something to hide and something to fear, and I try so hard to keep it inside so no one can hear. Hush hush, keep it down now, ______ _____. voices carry
44%
Chaka Khan _____ ____, let me rock you. Let me rock you, _____ ____. Let me rock you, that's all I wanna do Chaka Khan
39%
The Pointer Sisters And it's hard to find any strength to draw the line. Oh, I'm just burning doin' the _______ _____. neutron dance
33%
Stevie Wonder Call up, ring once, hang up the phone, ro let me know you made it home,Don't want nothing to be wrong with ____-____ _____. part-time lover
22%
No matching quizzes found
Score Distribution
Percent of People with Each Score
Percentile by Number Answered
Your Score History
You have not taken this quiz